000 00698cam a2200265 4500
008 090401t1994 xxu||||| |||| 00| 0 eng d
020 _a0922154139
035 _a(Sirsi) u37284
041 _aeng
050 _a333.3320973
100 _aSutte, Donald T.
245 4 _aThe appraisal of outdoor advertising signs.
260 _aChicago, IL
_bAppraisal Institute
_c1994
300 _aviii,93p. : ill. ; 25cm.
350 _a0
650 _aADVERTISEMENTS
650 _aADVERTISING SIGNS
650 _aHOARDINGS
650 _aUNITED STATES
650 _aValuation
_96273
690 _aRATING AND VALUATION
710 _aAppraisal Institute
_92987
942 _n0
948 _c04/03/1997
999 _c90462
_d90462